Central Library OPAC University of Rajshahi

Supreme Court rules, 1950 : (Record no. 46383)

MARC details
000 -LEADER
fixed length control field 00678nam a2200229 a 4500
001 - CONTROL NUMBER
control field 46383
003 - CONTROL NUMBER IDENTIFIER
rucl marc code BD-RjUL
005 - DATE AND TIME OF LATEST TRANSACTION
control field 20211209054138.0
008 - FIXED-LENGTH DATA ELEMENTS--GENERAL INFORMATION
fixed length control field 160801s1960 ii 001 0 eng u
035 ## - SYSTEM CONTROL NUMBER
System control number (BD-RjUL)46501
040 ## - CATALOGING SOURCE
Transcribing agency MLL
Modifying agency BD-RjUL
Original cataloging agency BD-RjUL
Language of cataloging eng
041 ## - LANGUAGE CODE
Language code of text/sound track or separate title eng
082 ## - DEWEY DECIMAL CLASSIFICATION NUMBER
Edition number 23
Classification number 347.54012
Author mark and year BAS 1960
100 ## - MAIN ENTRY--PERSONAL NAME
Personal name Bagga, S. N.
9 (RLIN) 133475
110 1# - MAIN ENTRY--CORPORATE NAME
Corporate name or jurisdiction name as entry element India.
Subordinate unit Supreme Court.
9 (RLIN) 138012
245 10 - TITLE STATEMENT
Title Supreme Court rules, 1950 :
Remainder of title with introduction and index /
Statement of responsibility, etc. S. N. Bagga.
260 ## - PUBLICATION, DISTRIBUTION, ETC. (IMPRINT)
Place of publication, distribution, etc. Allahabad (India) :
Name of publisher, distributor, etc. Law Book Co.,
Date of publication, distribution, etc. 1960.
300 ## - PHYSICAL DESCRIPTION
Pagination viii, 112 p. ;
Size 25 cm.
504 ## - BIBLIOGRAPHY, ETC. NOTE
Bibliography, etc Include index
650 #0 - SUBJECT ADDED ENTRY--TOPICAL TERM
Topical term or geographic name as entry element Court rules
Geographic subdivision India.
9 (RLIN) 141626
942 ## - ADDED ENTRY ELEMENTS (KOHA)
Source of classification or shelving scheme Dewey Decimal Classification
Koha item type Books
Holdings
Lost status Source of classification or shelving scheme Damaged status Not for loan Collection code Permanent Location Current Location Shelving location Date acquired Source of acquisition Total Checkouts Full call number Date last seen Copy number Koha item type
  Dewey Decimal Classification     Non-fiction Central Library, University of Rajshahi Central Library, University of Rajshahi   02/06/1964 paK.law house   347.54012 BAS 1960 02/08/2016 C-2 Books